Encyclopaedia of Birds

Bibliographic Details
Main Author: Shukla, Arvind N.
Other Authors: Tyagi, Rajiv
Format: Book
Published: New Delhi : Anmol Publications PVT. LTD. , 2001
Subjects:

MARC

LEADER 00000cam a2200000 7i4500
001 0000028673
005 20110505.0
008 091217
020 |a 812610967X 
090 0 0 |a 598.03   |b SHU 
100 1 |a Shukla, Arvind N. 
245 0 0 |a Encyclopaedia of Birds   |c Arvind N. Shukla   |f Rajiv Tyagi 
260 |a New Delhi :   |b Anmol Publications PVT. LTD. ,   |c 2001 
650 0 |a Birds   |x Encyclopaedias 
700 1 |a Tyagi, Rajiv 
999 |a 0001021284   |b Book   |c Adult Collection   |e Perbadanan Perpustakaan Awam Johor